Trouve les paroles de Come de Jain - Statistiques

Statistiques générales
  • Ce quiz a été pris 18 fois
  • Le résultat moyen est 184 sur 274
Statistiques - réponses
Hint Réponse % Correct
. Come
100%
. | .... come
100%
. | .. my
100%
. My
100%
. baby
86%
. | .. I
86%
. i
86%
. is
71%
. with
71%
. With
71%
. you
71%
. Africa
64%
. | .. in
64%
. will
64%
. the
57%
. your
57%
. Black
50%
. go
50%
. it
50%
. | .. let
50%
. love
50%
. me
50%
. | .. not
50%
. of
50%
. on
50%
. On
50%
. so
50%
. So
50%
. soul
50%
. world
50%
. about
43%
. and
43%
. away
43%
. boy
43%
. dreams
43%
. eyes
43%
. feel
43%
. From
43%
. Hanging
43%
. here
43%
. I'm
43%
. nightmares
43%
. now
43%
. out
43%
. over
43%
. show
43%
. sky
43%
. stars
43%
. streets
43%
. Thinking
43%
. Walking
43%
. Without
43%
. actions
36%
. alone
36%
. am
36%
. at
36%
. blazing
36%
. burn
36%
. can
36%
. cover
36%
. diamond
36%
. forever
36%
. Giving
36%
. has
36%
. jail
36%
. just
36%
. keep
36%
. Leaving
36%
. Looking
36%
. lost
36%
. | .. mind
36%
. reactions
36%
. smile
36%
. Take
36%
. this
36%
. today
36%
. You're
36%
. even
29%
. Floating
29%
. if
29%
. impetuous
29%
. passed
29%
. time
29%
. yours
29%
Aucun quiz correspondant
Distribution des résultats
% des personnes avec chaque résultat
Percentile par nombre de réponses
Votre historique - résultats
Vous n’avez pas pris ce quiz